| 000 | 00943nam a2200277 a 4500 | ||
|---|---|---|---|
| 001 | 40397 | ||
| 003 | BD-RjUL | ||
| 005 | 20211209053214.0 | ||
| 008 | 16 s2000 bg b b 001 0 eng | ||
| 020 |
_a9840515063 _c: Tk. 750.00 |
||
| 035 |
_a(DLC) 00411488 _a(BD-RjUL) 40512 |
||
| 040 |
_aDLC _cDLC _dDLC _dBD-RjUL _beng |
||
| 041 | _aeng | ||
| 082 | 0 | 0 |
_223 _a630.7205492 _bBRA 2000 |
| 100 | 1 |
_aBrammer, Hugh. _9124379 |
|
| 245 | 1 | 0 |
_aAgroecological aspects of agricultural research in Bangladesh / _cHugh Brammer. |
| 260 |
_aDhaka : _bUniersity Press, _c2000. |
||
| 300 |
_axvii, 376 p. : _bmaps ; _c25 cm. |
||
| 504 | _aIncludes bibliographical references (p. [351]-353) and indexes. | ||
| 650 | 0 |
_aAgriculture _xResearch _zBangladesh. _9124447 |
|
| 650 | 0 |
_aAgricultural ecology _zBangladesh. _9124448 |
|
| 650 | 0 |
_aSoil management _zBangladesh. _9124449 |
|
| 942 |
_2ddc _cBK _01 |
||
| 999 |
_c40397 _d40397 |
||